U.S. Cities Sharing Names with European Capitals - Statistics

General Stats
  • This quiz has been taken 18 times
  • The average score is 6 of 20
Answer Stats
European Capital/ US City Population State % Correct
Athens 128,691 Georgia
88%
Paris 25,037 Texas
71%
Amsterdam 18,169 New York
47%
San Marino 12,105 California
41%
Rome 38,747 Georgia
41%
Moscow 26,894 Idaho
29%
Warsaw 16,111 Indiana
29%
Vienna 16.562 Virginia
29%
Dublin 70,544 California
24%
Belgrade 12,741 Montana
24%
Berlin 20,646 Connecticut
18%
Copenhagen 660 New York
18%
Stockholm 3,864 New York
18%
London 10,743 Ohio
18%
Brussels 115 Illinois
12%
Madrid 2,824 Iowa
12%
Lisbon 9,814 Maine
12%
Oslo 239 Minnesota
12%
Bern 162 Kansas
6%
Prague 2,414 Oklahoma
6%
No matching quizzes found
Score Distribution
Percent of People with Each Score
Percentile by Number Answered
Your Score History
You have not taken this quiz